01614nam a2200385 a 4500001001000000003000500010005001700015008004100032010001100073011001100084040000900095090001000104100003700114245013600151260004100287500006000328502007100388590004100459590004000500590004000540590004000580590004000620650003200660650003500692650003300727650004600760650004400806856007000850901000700920942001000927942000600937999001900943952013100962952013501093000113986CHAP20220329144422.0171016s2017 mx a fsm |||||||spa d a110447 a111419 cCHAP aTesis1 aDíaz Cancino, Cristian913380510aZonificación en unidades productoras de vid mediante inducción electromagnética /h[En línea]cpor Cristian Díaz Cancino. aChapingo, Méx. :bEl autor,c2017. aPara ver el contenido del material haga clic en la liga aTesis (Ing. en Irrigación) -- UACH. Departamento de Irrigación aE11695DGDb10c20171017lUCH01h1017 aE8697GMMb05c20171016lUCH01h1449 aE8697GMMb05c20171016lUCH01h1541 aE8697GMMb05c20171017lUCH01h0903 aE8697GMMb05c20171017lUCH01h090514aSuelosxAnálisis.911020414aSuelosxComposición.911028014aSuelosxNutrición.913336014aSuelosxPropiedades eléctricas.911046414aVidxCrecimientoxEstimulantes.9119104 aFinding aiduhttp://10.13.5.2/tesis/sist113986.pdfzTeclea aquí aBK cTESIS n0 c110447d110447 00104054718TESISaBCbBCd2017-10-16fTESISl0oTesisp113987-10r2019-12-31 00:00:00w2019-12-31yTESISzRecien adquirido 00102local4053708TESISaBCbBCcPA_TESISd2017-10-16fTESISl0oTesisp113987-20r2019-12-31 00:00:00tc.2w2019-12-31yTESIS